007050000a220012100045001000019000002450081000193000047001005200276001477730045004239420008004689520090004769990017005661 aGuingue, Lucas10aLas regiones oscuras del corazón : Grinderman, nuevo proyecto de Nick Cave aVol.0, núm.19 (Abril, 2007), Página 37 aEs uno de los poetas malditos del rock, comparable a Leonard Cohen o a Tom Waits. Australiano y cantante de letras memorables, ahora presenta un nuevo disco y sigue aumentando su leyenda. Ha rechazado premios y prefiere trabajar como un funcionario de la inspiración.0 tArcadia / Andrés Felipe Solano, Editor cANA 001040708HEMaFUSBCbFUSBCd2016-01-26l0o r2016-01-26 00:00:00w2016-01-26yANA c62100d62100